| 000 | 07366nam a22005417a 4500 | ||
|---|---|---|---|
| 005 | 20101210141626.0 | ||
| 010 | _aB-382379-400 | ||
| 020 |
_a8126309547 _c80.00 |
||
| 035 | _aB-382379-400 | ||
| 037 | _bपु.प्र.अ.प्र/प्रका | ||
| 037 | _bभारतीय ज्ञानपीठ | ||
| 082 | _a821.08 | ||
| 245 |
_aवाचिक कविता : भोजपुरी / _cविद्यानिवास मिश्रा द्वारा संपादित; उमाकान्त त्रिपाठी तथा प्रकाश उदय द्वारा सहसंपादित |
||
| 246 |
_aVachik kavita : Bhojpuri _bby Vidyaniwas Mishra |
||
| 250 | _b2रा संस्क. | ||
| 260 |
_aनई दिल्ली _bभारतीय ज्ञानपीठ _c2003 |
||
| 270 |
_a18, इन्स्टीट्यूशनल एरिया, लोदी रोड _bनई दिल्ली _e110003 |
||
| 300 |
_a96पृ _c22सेमी(सजिल्द) |
||
| 490 |
_a लोकोदय ग्रन्थमाला : ग्रन्थांक 641 _925289 |
||
| 500 | _aमूर्तिदेवी पुरस्कार द्वारा सम्मानित कृति | ||
| 700 |
_aत्रिपाठी, उमाकान्त _924673 |
||
| 700 |
_aप्रकाश उदय _924678 |
||
| 700 | _924674 | ||
| 942 |
_adpl _cHN _k _2ddc _h821.08 _mवाचिक |
||
| 999 |
_c49057 _d49057 |
||